000 00909nam a2200253Ia 4500
003 OSt
005 20210504104724.0
008 210310s1963 sp fr 000 0 spa d
040 _aCO-JMCR
_cCO-JMCR
041 1 _aspa
_heng
082 0 4 _a335 /
_bD234s
_223
100 1 _aDatta, Amlam
_915534
_eautor
245 1 0 _aSocialismo democracia e industrialización /
_cAmlan Datta ; traducido por Juan M°. Amador Zuriarrain
260 _aBilbao :
_bEdiciones Deusto,
_c1963
300 _a131 páginas ;
_c22 cm.
490 0 _aColección Economía
500 _aIncluye notas a pie de página. Título original: Socialism Democracy and Industrialization
505 0 _aSocialismo y democracia -- Industrialización
546 _aTraducido del inglés.
650 1 4 _aSocialismo
_915536
650 2 4 _aIndustrialización
_937399
700 1 _aAmador Zuriarrain, Juan M°.,
_etraductor
_937400
942 _2ddc
_cBK
999 _c7816
_d7816